Catálogo

Invernaderos de plástico : (Registro nro. 37103)

Detalles MARC
000 -LEADER
fixed length control field 01450cam a2200361 i 4500
001 - CONTROL NUMBER
control field 37103
003 - CONTROL NUMBER IDENTIFIER
control field Mx-PuUPA
005 - DATE AND TIME OF LATEST TRANSACTION
control field 20251108083743.0
008 - FIXED-LENGTH DATA ELEMENTS--GENERAL INFORMATION
fixed length control field 140415s2007 sp ado gr 000 0 spa d
017 ## - COPYRIGHT OR LEGAL DEPOSIT NUMBER
Copyright or legal deposit number M. 35.762-2007
020 ## - INTERNATIONAL STANDARD BOOK NUMBER
International Standard Book Number 9788484763215
Qualifying information empastado
020 ## - INTERNATIONAL STANDARD BOOK NUMBER
International Standard Book Number 8484763218
040 ## - CATALOGING SOURCE
Transcribing agency Mx-PuUPA
Original cataloging agency Mx-PuUPA
Language of cataloging spa
Modifying agency Mx-PuUPA
Description conventions rda
041 0# - LANGUAGE CODE
Language code of text/sound track or separate title spa
100 1# - MAIN ENTRY--PERSONAL NAME
Personal name Castilla, Nicolás,
Relator term autor
9 (RLIN) 17682
245 10 - TITLE STATEMENT
Title Invernaderos de plástico :
Remainder of title tecnología y manejo /
Statement of responsibility, etc. Nicolás Castilla
250 ## - EDITION STATEMENT
Edition statement 2a. edición /
Remainder of edition statement corregida y aumentada
264 #1 - PRODUCTION, PUBLICATION, DISTRIBUTION, MANUFACTURE, AND COPYRIGHT NOTICE
Place of production, publication, distribution, manufacture Madrid :
Name of producer, publisher, distributor, manufacturer Ediciones Mundi-Prensa,
Date of production, publication, distribution, manufacture, or copyright notice 2007
300 ## - PHYSICAL DESCRIPTION
Extent 462 páginas :
Other physical details ilustraciones, gráficas, fotografías, diagramas, tablas ;
Dimensions 24 cm
336 ## - CONTENT TYPE
Fuente rdacontent
Content type term texto
Content type code txt
336 ## - CONTENT TYPE
Fuente rdacontent
Content type term imagen fija
Content type code sti
337 ## - MEDIA TYPE
Source rdamedia
Media type term sin medio
Media type code n
338 ## - CARRIER TYPE
Source rdacarrier
Carrier type term volumen
Carrier type code nc
650 #7 - SUBJECT ADDED ENTRY--TOPICAL TERM
Source of heading or term armarc
Topical term or geographic name entry element Cultivo en invernadero
650 #7 - SUBJECT ADDED ENTRY--TOPICAL TERM
Source of heading or term armarc
Topical term or geographic name entry element Cubiertas de plástico (Agricultura)
650 #7 - SUBJECT ADDED ENTRY--TOPICAL TERM
Source of heading or term armarc
Topical term or geographic name entry element Invernaderos
Geographic subdivision Región mediterránea
650 #7 - SUBJECT ADDED ENTRY--TOPICAL TERM
Source of heading or term armarc
Topical term or geographic name entry element Jardinería en invernadero
942 ## - ADDED ENTRY ELEMENTS (KOHA)
Source of classification or shelving scheme Dewey Decimal Classification
Koha item type Libro
Classification part 631.5830286
Item part C33
Existencias
Withdrawn status Lost status Source of classification or shelving scheme Damaged status Not for loan Collection code Home library Current library Shelving location Date acquired Source of acquisition Cost, normal purchase price Total Checkouts Full call number Barcode Date last seen Cost, replacement price Price effective from Koha item type
    Dewey Decimal Classification     General Biblioteca Karol Wojtyla Biblioteca Karol Wojtyla Sala general 07/11/2025 2 1728.87   631.5830286 C33 2007 106197 11/03/2026 1728.87 07/11/2025 Reserva permanente